| 000 | 00900nam a2200229 a 4500 | ||
|---|---|---|---|
| 001 | 000144401 | ||
| 003 | AM-YEHGA | ||
| 005 | 20250618071247.0 | ||
| 008 | 950720s1985 ru ||||gr|||||||||0|rus d | ||
| 040 | _aAM-YeHGA | ||
| 041 | 0 | _arus | |
| 100 | 1 | _aИмханицкая, Надежда Николаевна | |
| 245 | 1 | 0 |
_aПальмы / _cН.Н. Имханицкая ; Отв. ред. А.Л. Тахтаджян ; АН СССР, Ботан. ин-т им. В. Л. Комарова |
| 246 | 1 | 1 | _aArecaceae seu Palmae |
| 260 |
_aЛенинград : _bНаука. Ленингр. отд-ние, _c1985. |
||
| 300 |
_a243 с. ; _c22 см. |
||
| 650 | 1 | 4 | _aПальмы |
| 700 | 1 |
_aԹախտաջյան, Արմեն Լևոնի, _d1910-2009 _eред. _4edt _93348 |
|
| 710 | 2 | _aБотанический институт им. В.Л. Комарова АН СССР | |
| 942 |
_2udc _cBK |
||
| 090 | _c49492 | ||
| 999 |
_c48731 _d48731 |
||